000 00308nam a2200121Ia 4500
008 191201s2012 xx 000 0 und d
100 _aDUMAS, Alexandra
245 0 _aThe Count of Monte Cristo
260 _bKALYANI NAVYUG MEDIA PVT LTD
_c2012
300 _a154
650 _aGeneral Books
942 _2ddc
_cBK
999 _c6779
_d6779